Logo BPK

Biblioteka

Politechniki Koszalińskiej

Geneza PPR / (Rekord nr 16322)

Szczegóły MARC
000 -ETYKIETA REKORDU
podpole kontrolne o stałej długości 00900nam a2200265 i 4500
001 - NUMER KONTROLNY REKORDU
pole kontrolne bg
003 - IDENTYFIKATOR NUMERU KONTROLNEGO REKORDU
podpole kontrolne BPK
005 - DATA OSTATNIEJ MODYFIKACJI REKORDU
podpole kontrolne 20191214090758.0
008 - POLE O STAŁEJ DŁUGOŚCI - DANE KONTROLNE
podpole kontrolne o stałej długości 150624s1975 pl g 001 0 pol
015 ## - NUMER BIBLIOGRAFII NARODOWEJ
Numer bibliografii narodowej PB 1973/1855
040 ## - ŹRÓDŁO KATALOGOWANIA
Instytucja, która sporządziła opis WA N
Instytucja, która utworzyła rekord BPK
080 ## - UNIWERSALNA KLASYFIKACJA DZIESIĘTNA - UKD
UKD 329
080 ## - UNIWERSALNA KLASYFIKACJA DZIESIĘTNA - UKD
UKD 323.3-057.2(438)
100 1# - NAZWA OSOBOWA
Nazwa osobowa Malinowski, Marian
Dopowiedzenie (nauki historyczne).
245 10 - TYTUŁ/ODPOWIEDZIALNOŚĆ
Tytuł Geneza PPR /
Pozostałe elementy strefy tytułu i oznaczenia odpowiedzialności Marian Malinowski.
246 3# - WARIANT TYTUŁU
Tytuł Geneza Polskiej Partii Robotniczej.
250 ## - STREFA WYDANIA
Oznaczenie wydania Wyd. 2, popr.
260 ## - STREFA ADRESU WYDAWNICZEGO
Miejsce wydania Warszawa :
Nazwa wydawcy/dystrybutora "Książka i Wiedza",
Data publikacji, dystrybucji/powstania dokumentu 1975.
300 ## - STREFA OPISU FIZYCZNEGO
Objętość 547, [1] s. ;
Rozmiary 22 cm.
504 ## - UWAGA DOTYCZĄCA BIBLIOGRAFII
Informacje o bibliografii Bibliogr. s. 491-[516]. Indeks.
610 24 - HASŁO PRZEDMIOTOWE W FORMIE NAZWY CIAŁA ZBIOROWEGO
Nazwa ciała zbiorowego lub nazwa geograficzna Polska Partia Robotnicza (1942-1948)
710 2# - HASŁO DODATKOWE - NAZWA CIAŁA ZBIOROWEGO
Nazwa ciała zbiorowego lub jednostki geograficznej Spółdzielnia Wydawniczo-Handlowa "Książka i Wiedza"
Kod określenia powiązania pbl.
856 ## - LOKALIZACJA I DOSTĘP DO ELEKTRONICZNYCH DOKUMENTÓW ZDALNYCH
Link (URL) http://koha.tu.koszalin.pl/cgi-bin/koha/opac-detail.pl?biblionumber=16322
Tekst linku Katalog online BPK
942 ## - DODATKOWE ELEMENTY (KOHA)
Schemat klasyfikacji Uniwersalna Klasyfikacja Dziesiętna
Typ dokumentu Książka
Egzemplarze
Wycofany Status egzemplarza Uszkodzony Dostępność Lokalizacja stała Lokalizacja bieżąca Miejsce przechowywania Sygnatura Kod kreskowy Typ dokumentu
      Dostępny Biblioteka Politechniki Koszalińskiej Biblioteka Politechniki Koszalińskiej Wypożyczalnia BG 19985 01708363 Książka
      Dostępny Biblioteka Politechniki Koszalińskiej Biblioteka Politechniki Koszalińskiej Wypożyczalnia BG 106619 02622026 Książka
© 2023 Biblioteka Politechniki Koszalińskiej :: KOHA